| 000 | 00431nam a22001217a 4500 | ||
|---|---|---|---|
| 082 | _a370.5491 | ||
| 100 | _aPakistan Poverty Alleviation Fund | ||
| 245 |
_aEducating Pakistan's children : choices alternatives and tradeoffs _ban assessment of PPAF models of delivery _cPakistan Poverty Alleviation Fund |
||
| 260 |
_aIslamabad _bPakistan Poverty Alleviation Fund _c2009 |
||
| 300 | _a162p | ||
| 563 | _aP.B | ||
| 942 |
_2ddc _cBK |
||
| 999 |
_c588885 _d588885 |
||